000 00632nam a2200265Ia 4500
005 20260324152902.0
008 008 260324s9999 xx 000 0 eng d
020 _a9780323289900
037 _aEBOOK
040 _aCRL
040 _beng
040 _cCRL
041 _2eng
041 _aeng
084 _qCRL
100 _aAhmed, Waqar
_9901772
245 0 _aEmerging Nanotechnologies for Manufacturing
260 _bElsevier
260 _c2014
650 _aEngineering
856 _uhttps://www.sciencedirect.com/science/book/9780323289900
942 _cEBOOK
999 _c1840998
_d1840998